| 000 | 00671nam a22002057a 4500 | ||
|---|---|---|---|
| 003 | OSt | ||
| 005 | 20251125094912.0 | ||
| 008 | 251125b |||||||| |||| 00| 0 eng d | ||
| 020 | _a978-621-8029-17-0 | ||
| 040 |
_aDWC-Main lib _cOC |
||
| 082 |
_22021 edition _aFil. 657.044 M654i 2021 |
||
| 100 | _aMillan, Zeus Vernon B. | ||
| 245 |
_aIntermediate Accounting 2/ _cZeus Vernon B. Millan |
||
| 250 | _a2021 edition | ||
| 260 |
_a Baguio City : _bBandolin Enterprise, _cc2021. |
||
| 300 |
_a xvi, 715 pages : _b illustrations ; _c22cm |
||
| 504 | _aIncludes bibliographical references | ||
| 650 | _a1. Accounting | ||
| 942 |
_2ddc _cBK - FIL _e2021 edition _kFil. _n0 |
||
| 999 |
_c6187 _d6187 |
||